[Event "224th YMCA Winter A"]
[Site "Warsaw"]
[Date "2020.02.25"]
[Round "9"]
[White "Warszawski, Bartosz"]
[Black "Ossolinski, Ziemowit"]
[Result "1-0"]
[WhiteElo "2172"]
[BlackElo "1880"]
[PlyCount "153"]
[EventDate "2020.01.09"]
[EventType "tourn"]
[EventRounds "1"]
[EventCountry "POL"]
[SourceDate "2020.01.09"]

1. e4 c5 2. Nf3 e6 3. d4 cxd4 4. Nxd4 a6 5. Nc3 Qc7 6. Be2 Nf6 7. O-O Bc5 8.
Nb3 Be7 9. f4 d6 10. Be3 b5 11. e5 dxe5 12. fxe5 Nfd7 13. Bf3 Bb7 14. Bxb7 Qxb7
15. Na5 Qc7 16. Qf3 O-O 17. Qxa8 Qxa5 18. a3 Nxe5 19. Qb7 Nc4 20. Bd4 e5 21.
Nd5 Bd6 22. Bc3 Qd8 23. Bb4 Nxb2 24. Ne7+ Qxe7 25. Qxe7 Bxe7 26. Bxe7 Rc8 27.
Rf2 Nd7 28. Rd2 Rc7 29. Bd8 Ra7 30. Rd5 f6 31. Rb1 Na4 32. Ba5 Kf7 33. Rd6 Ke8
34. Rc6 Ndc5 35. Rd1 Ne4 36. c4 Kf7 37. cxb5 axb5 38. Bb4 Rb7 39. Rdc1 Kg6 40.
Rc7 Rb8 41. Rc8 Rb6 42. R1c6 Rxc6 43. Rxc6 Kf5 44. Rc7 Kg6 45. Kf1 h5 46. Ke2
h4 47. Rb7 f5 48. Ke3 Nac3 49. Kd3 Nd5 50. Rxb5 Nf4+ 51. Ke3 Nxg2+ 52. Kf3 h3
53. Rxe5 Ng5+ 54. Kf2 Ne4+ 55. Ke2 Nf4+ 56. Kf3 Nd3 57. Rd5 Ndf2 58. a4 Ng4 59.
Bd6 Kf6 60. Bg3 Nc3 61. Rd6+ Ke7 62. a5 g5 63. Rd3 Ne4 64. a6 Nc5 65. Bd6+ Ke6
66. Bxc5 Ne5+ 67. Ke2 Nxd3 68. Kxd3 g4 69. a7 g3 70. hxg3 h2 71. a8=Q f4 72.
gxf4 Kf5 73. Qg2 Kxf4 74. Qxh2+ Kf3 75. Qh4 Kg2 76. Ke4 Kf1 77. Qf2# 1-0

[Event "224th YMCA Winter A"]
[Site "Warsaw"]
[Date "2020.03.06"]
[Round "9"]
[White "Matyszkiewicz, Wiktor"]
[Black "Liberadzki, Slawomir"]
[Result "0-1"]
[WhiteElo "1902"]
[BlackElo "1981"]
[PlyCount "102"]
[EventDate "2020.01.09"]
[EventType "tourn"]
[EventRounds "1"]
[EventCountry "POL"]
[SourceDate "2020.01.09"]

1. e4 c5 2. Nf3 e6 3. d4 cxd4 4. Nxd4 Nc6 5. Be2 Qc7 6. O-O a6 7. Nc3 Nf6 8.
Be3 Bb4 9. Nxc6 bxc6 10. Na4 Be7 11. Qd4 Rb8 12. c4 d6 13. c5 e5 14. Qd3 d5 15.
f4 dxe4 16. Qc2 Nd5 17. Bd2 e3 18. Bc3 Nxc3 19. Qxc3 O-O 20. fxe5 Be6 21. Qxe3
Rfe8 22. b3 f6 23. Bxa6 Qxe5 24. Rae1 Bd5 25. Qxe5 fxe5 26. Rxe5 Bxc5+ 27. Nxc5
Rxe5 28. Nd7 Rg5 29. Rf2 Rd8 30. Nb6 Be4 31. Bc4+ Bd5 32. Rd2 Kf8 33. a4 Ke7
34. Bxd5 cxd5 35. b4 Kd6 36. Nc4+ Kc7 37. Na5 d4 38. Rc2+ Kd7 39. b5 Ra8 40.
Nb3 Rd5 41. Rc4 d3 42. Nd2 Ke6 43. Kf2 Re5 44. Re4 Rxe4 45. Nxe4 Kd5 46. Nd2
Kd4 47. a5 Kc3 48. Nb1+ Kc2 49. Ke3 Rxa5 50. Nd2 Rxb5 51. Nf3 Rb8 0-1

[Event "224th YMCA Winter A"]
[Site "Warsaw"]
[Date "2020.03.05"]
[Round "10"]
[White "Ossolinski, Ziemowit"]
[Black "Matyszkiewicz, Wiktor"]
[Result "1-0"]
[WhiteElo "1880"]
[BlackElo "1902"]
[PlyCount "45"]
[EventDate "2020.01.09"]
[EventType "tourn"]
[EventRounds "1"]
[EventCountry "POL"]
[SourceDate "2020.01.09"]

1. e4 c5 2. Ne2 Nc6 3. c4 Nf6 4. Nbc3 d6 5. d4 cxd4 6. Nxd4 g6 7. Be2 Bg7 8.
Be3 O-O 9. O-O Bd7 10. Nc2 Ne5 11. f3 Qc7 12. Na3 a6 13. Rc1 b6 14. Qe1 Be6 15.
Qf2 Nfd7 16. Nd5 Bxd5 17. cxd5 Qb7 18. f4 Nc5 19. fxe5 Bxe5 20. Nc4 Bg7 21. Qh4
b5 22. Na5 Qc7 23. b4 1-0

[Event "224th YMCA Winter A"]
[Site "Warsaw"]
[Date "2020.03.03"]
[Round "10"]
[White "Chalupnik, Marcin"]
[Black "Warszawski, Bartosz"]
[Result "1/2-1/2"]
[WhiteElo "2165"]
[BlackElo "2172"]
[PlyCount "77"]
[EventDate "2020.01.09"]
[EventType "tourn"]
[EventRounds "1"]
[EventCountry "POL"]
[SourceDate "2020.01.09"]

1. c4 e6 2. g3 d5 3. Bg2 Nf6 4. Nf3 Be7 5. O-O O-O 6. d4 c5 7. dxc5 Bxc5 8. a3
a6 9. b4 Be7 10. Bb2 Nc6 11. Nbd2 b6 12. Qc2 Bb7 13. Rfd1 Rc8 14. e4 dxc4 15.
Nxc4 Qc7 16. Rac1 Rfd8 17. Re1 Qb8 18. e5 Nd5 19. Qe4 Ncxb4 20. axb4 Nxb4 21.
Qg4 Nd3 22. Nd6 Rxc1 23. Rxc1 Nxc1 24. Bxc1 Bxd6 25. exd6 Qxd6 26. Bb2 g6 27.
h4 Qd5 28. Be5 Qd1+ 29. Kh2 Qc1 30. Ng5 Bxg2 31. Kxg2 Qc6+ 32. Kh2 f5 33. Qe2
h6 34. Bf6 Rc8 35. Nf3 Qe4 36. Qd1 Qd5 37. Qe2 Qe4 38. Qd1 Qd5 39. Qe2 1/2-1/2

[Event "224th YMCA Winter A"]
[Site "Warsaw"]
[Date "2020.03.05"]
[Round "10"]
[White "Derylo, Kamil"]
[Black "Szwaj, Jacek"]
[Result "1-0"]
[WhiteElo "2099"]
[BlackElo "1937"]
[PlyCount "99"]
[EventDate "2020.01.09"]
[EventType "tourn"]
[EventRounds "1"]
[EventCountry "POL"]
[SourceDate "2020.01.09"]

1. d4 Nf6 2. Bf4 d6 3. Nf3 g6 4. h3 Bg7 5. e3 O-O 6. Nbd2 Nfd7 7. Be2 e5 8. Bh2
Qe7 9. dxe5 dxe5 10. O-O b6 11. c3 Bb7 12. Qc2 Nc6 13. Rfd1 Rad8 14. a4 f5 15.
Nc4 g5 16. Nfd2 Ncb8 17. a5 b5 18. Qb3 Kh8 19. Qxb5 Bc6 20. Qb3 g4 21. hxg4
fxg4 22. Qc2 Qg5 23. b4 h5 24. Ne4 Qh4 25. Bd3 Qe7 26. Qe2 Rf7 27. Ncd2 Nf8 28.
Bc4 Ne6 29. Bxe6 Qxe6 30. Ng5 Qe7 31. Nxf7+ Qxf7 32. e4 Rf8 33. Rf1 Qg6 34. b5
Bb7 35. Nc4 Nd7 36. Rad1 Qe6 37. f3 Nc5 38. Ne3 h4 39. Nxg4 c6 40. Qf2 Qe7 41.
bxc6 Bxc6 42. Qe3 Bd7 43. Rd5 Bxg4 44. Qxc5 Qf7 45. Bxe5 Bxe5 46. Rxe5 h3 47.
gxh3 Bxf3 48. Rxf3 Rg8+ 49. Kf2 Qa2+ 50. Ke3 1-0

[Event "224th YMCA Winter A"]
[Site "Warsaw"]
[Date "2020.03.04"]
[Round "10"]
[White "Szwaj, Justyna"]
[Black "Malicka, Maria"]
[Result "0-1"]
[WhiteElo "1840"]
[BlackElo "2041"]
[PlyCount "72"]
[EventDate "2020.01.09"]
[EventType "tourn"]
[EventRounds "1"]
[EventCountry "POL"]
[SourceDate "2020.01.09"]

1. e4 c5 2. Nf3 d6 3. d4 cxd4 4. Nxd4 Nf6 5. Nc3 a6 6. f3 e5 7. Nb3 Be6 8. Be3
h5 9. Qd2 Nbd7 10. O-O-O Rc8 11. Nd5 Bxd5 12. exd5 Nb6 13. Qa5 Qc7 14. c3 Nbd7
15. Qb4 g6 16. g4 hxg4 17. fxg4 Rh4 18. h3 Bg7 19. Bf2 Rh8 20. Be2 b5 21. g5
Nh5 22. Bg4 Nf4 23. Bg3 Nh5 24. Bh2 Rd8 25. Rhf1 Nb6 26. Qe4 Qe7 27. h4 Nc4 28.
Be6 Nf4 29. Bxf4 Rxh4 30. Qd3 Rxf4 31. Rxf4 exf4 32. Re1 Ne5 33. Rxe5 dxe5 34.
Bg4 e4 35. Qd1 Qxg5 36. Be2 f3+ 0-1

[Event "224th YMCA Winter A"]
[Site "Warsaw"]
[Date "2020.03.06"]
[Round "10"]
[White "Choroszej, Aleksander"]
[Black "Delega, Tomasz"]
[Result "0-1"]
[WhiteElo "2055"]
[BlackElo "1974"]
[PlyCount "100"]
[EventDate "2020.01.09"]
[EventType "tourn"]
[EventRounds "1"]
[EventCountry "POL"]
[SourceDate "2020.01.09"]

1. d4 e6 2. c4 Bb4+ 3. Nc3 b6 4. e4 Bb7 5. f3 f5 6. exf5 Nh6 7. fxe6 Nf5 8. Bd3
Qh4+ 9. Kf1 dxe6 10. Qa4+ Nc6 11. Bxf5 exf5 12. d5 Qxc4+ 13. Nge2 O-O-O 14.
dxc6 Ba6 15. b3 Rd1+ 16. Kf2 Bc5+ 17. Kg3 Qxa4 18. Nxa4 Rxh1 19. Nxc5 bxc5 20.
Nc3 Re8 21. Bb2 Rxa1 22. Bxa1 Re6 23. Nd5 Bb5 24. Nf4 Re7 25. Nd5 Rf7 26. Be5
Bxc6 27. Nc3 g6 28. Kf4 Kd7 29. Nd1 Ke6 30. Bc3 Rd7 31. Nb2 Bb5 32. h4 Kd5 33.
Ke3 c4 34. a4 Ba6 35. b4 Re7+ 36. Kd2 Bc8 37. f4 Bd7 38. Be5 Be8 39. a5 c5 40.
bxc5 Kxc5 41. Kc3 Bf7 42. Nd1 Kb5 43. Ne3 Kxa5 44. Nc2 Kb5 45. Bd6 Rd7 46. Nd4+
Kb6 47. Ba3 Rd8 48. Bb4 Re8 49. Kd2 Re4 50. Ne2 c3+ 0-1

[Event "224th YMCA Winter A"]
[Site "Warsaw"]
[Date "2020.06.12"]
[Round "11"]
[White "Matyszkiewicz, Wiktor"]
[Black "Chalupnik, Marcin"]
[Result "1/2-1/2"]
[WhiteElo "1902"]
[BlackElo "2165"]
[PlyCount "50"]
[EventDate "2020.01.09"]
[EventType "tourn"]
[EventRounds "1"]
[EventCountry "POL"]
[SourceDate "2020.01.09"]

1. e4 d5 2. exd5 Nf6 3. Bb5+ Bd7 4. Bc4 b5 5. Bb3 Bg4 6. f3 Bc8 7. Nc3 a6 8. d4
g6 9. Bf4 Bg7 10. Qd2 Nbd7 11. O-O-O Bb7 12. Nge2 Nb6 13. Bh6 Bxh6 14. Qxh6 a5
15. a4 bxa4 16. Nxa4 Nbxd5 17. Nc5 Bc6 18. Ng3 a4 19. Bxd5 Qxd5 20. Rhe1 a3 21.
Qg7 Qg5+ 22. Kb1 Rg8 23. Nge4 Bxe4 24. Nxe4 Rxg7 25. Nxg5 axb2 $11 1/2-1/2

[Event "224th YMCA Winter A"]
[Site "Warsaw"]
[Date "2020.02.11"]
[Round "11"]
[White "Liberadzki, Slawomir"]
[Black "Ossolinski, Ziemowit"]
[Result "0-1"]
[WhiteElo "1981"]
[BlackElo "1880"]
[PlyCount "84"]
[EventDate "2020.01.09"]
[EventType "tourn"]
[EventRounds "1"]
[EventCountry "POL"]
[SourceDate "2020.01.09"]

1. c4 e5 2. Nc3 Nc6 3. g3 Bc5 4. Bg2 d6 5. d3 h6 6. a3 a6 7. b4 Ba7 8. Nf3 Nf6
9. Bb2 O-O 10. O-O Ne7 11. Rc1 c6 12. e3 Ng6 13. d4 e4 14. Nd2 d5 15. cxd5 cxd5
16. b5 Bg4 17. Qb3 Qd7 18. b6 Bb8 19. Na4 Bd6 20. Nc5 Qe7 21. Rc3 h5 22. a4 h4
23. Ba3 Rfd8 24. Qb2 Nh5 25. Ndb3 a5 26. Nd2 hxg3 27. fxg3 Nh4 28. Nxb7 Qxb7
29. gxh4 Bxa3 30. Rxa3 Rd6 31. Rb3 Rb8 32. Rc1 Rg6 33. Kh1 Qe7 34. Nf1 Qxh4 35.
b7 Kh7 36. Rb6 f6 37. Rc2 Rh6 38. Kg1 Rg6 39. Kh1 Bf3 40. Rf2 Ng3+ 41. Nxg3
Rxg3 42. Qc2 Rxg2 0-1

[Event "224th YMCA Winter A"]
[Site "Warsaw"]
[Date "2020.06.11"]
[Round "12"]
[White "Derylo, Kamil"]
[Black "Matyszkiewicz, Wiktor"]
[Result "1-0"]
[WhiteElo "2099"]
[BlackElo "1902"]
[PlyCount "65"]
[EventDate "2020.01.09"]
[EventType "tourn"]
[EventRounds "1"]
[EventCountry "POL"]
[SourceDate "2020.01.09"]

1. b4 Nf6 2. Bb2 d5 3. Nf3 Bf5 4. e3 e6 5. b5 Be7 6. c4 O-O 7. Nc3 Nbd7 8. d4
dxc4 9. Bxc4 Nb6 10. Bd3 Nbd5 11. Bxf5 exf5 12. O-O Ne4 13. Qb3 Nexc3 14. Bxc3
a6 15. a4 Bf6 16. Rfc1 Qd7 17. bxa6 Rxa6 18. Qxb7 Rxa4 19. Rxa4 Nxc3 20. Rc4
Ne2+ 21. Kh1 Nxc1 22. Rxc7 Qa4 23. Rxc1 Qa2 24. Kg1 h6 25. g3 Qe2 26. Kg2 Bg5
27. Rc3 Re8 28. Ne5 Rf8 29. Rc8 Rxc8 30. Qxc8+ Kh7 31. Qxf5+ Kg8 32. Qxf7+ Kh8
33. Qf3 1-0

[Event "224th YMCA Winter A"]
[Site "Warsaw"]
[Date "2020.01.31"]
[Round "12"]
[White "Szewczyk, Mariusz"]
[Black "Warszawski, Bartosz"]
[Result "1/2-1/2"]
[WhiteElo "2022"]
[BlackElo "2172"]
[PlyCount "138"]
[EventDate "2020.01.09"]
[EventType "tourn"]
[EventRounds "1"]
[EventCountry "POL"]
[SourceDate "2020.01.09"]

1. e4 c5 2. Nf3 e6 3. c3 d5 4. exd5 exd5 5. d4 c4 6. b3 cxb3 7. axb3 Nc6 8. Bb5
Bd6 9. O-O Nge7 10. c4 O-O 11. c5 Bc7 12. h3 Bf5 13. Nc3 Be4 14. Ng5 Bg6 15.
Re1 h6 16. Nf3 Bh5 17. Be2 Ba5 $11 18. Bd2 Re8 19. Nb5 Bxd2 20. Nxd2 Bxe2 21.
Qxe2 Nf5 22. Qd3 Qf6 23. Nf3 a6 24. Nc7 Rxe1+ 25. Rxe1 Rd8 26. Ne8 Qg6 27. Qd2
Kf8 28. Qe2 Qe6 29. Qxe6 fxe6 30. Nc7 Kf7 31. Nxe6 $11 Re8 32. Neg5+ hxg5 33.
Nxg5+ Kg6 34. Rxe8 Kxg5 35. Rc8 Ncxd4 36. g4 Ne7 37. Rc7 Ndc6 38. Rxb7 a5 39.
Kf1 Kf4 40. Ke2 g5 41. Rd7 Ke4 42. Rd6 Nd4+ 43. Ke1 Ke5 44. Rd7 Nec6 45. Rg7
Ne6 46. Rg8 d4 47. Kd2 Kd5 48. Rh8 Nxc5 49. h4 Ne4+ 50. Ke2 Nc3+ 51. Ke1 gxh4
52. f4 Ke4 53. g5 Kxf4 $11 54. g6 Ne7 55. g7 Kg3 56. Re8 Ncd5 57. g8=Q+ Nxg8
58. Rxg8+ Kf3 59. Rh8 Nf4 60. Kf1 h3 61. Ke1 Ke3 62. Re8+ Kd3 63. Rf8 Ng2+ 64.
Kf2 Ne3 65. Kg3 Kc3 66. Ra8 d3 67. Rxa5 d2 68. Ra1 Kb2 69. Rg1 Kxb3 $11 1/2-1/2

[Event "224th YMCA Winter A"]
[Site "Warsaw"]
[Date "2020.02.19"]
[Round "13"]
[White "Matyszkiewicz, Wiktor"]
[Black "Szewczyk, Mariusz"]
[Result "0-1"]
[WhiteElo "1902"]
[BlackElo "2022"]
[PlyCount "58"]
[EventDate "2020.01.09"]
[EventType "tourn"]
[EventRounds "1"]
[EventCountry "POL"]
[SourceDate "2020.01.09"]

1. e4 e5 2. Nf3 Nc6 3. Bb5 a6 4. Ba4 Nf6 5. O-O Be7 6. Re1 b5 7. Bb3 O-O 8. a4
Rb8 9. c3 d6 10. d3 Na5 11. Bc2 c5 12. Nbd2 b4 13. h3 Be6 14. Nb3 Bxb3 15. Bxb3
bxc3 16. Ra3 Qb6 17. Bc2 cxb2 18. Bd2 Rfc8 19. Bxa5 Qxa5 20. Nd2 Rb4 21. Nc4
Qc7 22. a5 Rcb8 23. Nb6 Bd8 24. Qb1 Qb7 25. Nc4 Bc7 26. Re2 d5 27. Ne3 dxe4 28.
dxe4 Nxe4 29. Nf5 g6 0-1